000 01438nam a22003374i 4500
999 _c64444
_d64444
001 3416287
003 CO-MdFUSB
005 20180827101352.0
008 900418s1990 ilu b 001 0 eng
010 _a 90037126
020 _a0830813039
040 _aDLC
_dDLC
_bspa
_cCO-MdFUSB
_erda
041 _aeng
082 0 0 _a221.601
_223
_bG619
100 1 _aGoldingay, John.
_eautor
245 1 0 _aApproaches to Old Testament interpretation
_c/ John Goldingay.
250 _aRev. ed.
264 1 _aDowners Grove, Ill., U.S.A. :
_bInterVarsity Press,
_c℗[1990]
264 4 _c©1990
300 _a207 páginas ;
_c21 cm.
336 _2rdacontent
_atexto
_btxt
337 _2rdamedia
_asin mediación
_bn
338 _2rdacarrier
_avolumen
_bnc
505 _aIncluye referencias bibliográficas (páginas 156-188) Incluye indice (páginas 205-207)
_tPrefacio. --
_tReferencias. --
_tIntroducción. --
_tEl antiguo testamento como una fe. --
_tEl antiguo testamento como una forma de vida. --
_tEl antiguo testamento como la historia de salvación. --
_tEl antiguo testamento como testimonio de Cristo. --
_tEl antiguo testamento como escritura.
630 0 7 _aBiblia.
_pAntiguo Testamento
650 7 _9418
_aHermenéutica
906 _a7
_bcbc
_corignew
_d1
_eocip
_f19
_gy-gencatlg
942 _cBK